STN ISO 8261 Mlieko a mliečne výrobky Príprava analytických vzoriek a riedení na mikrobiologické skúšky

Bibliographic Details
Format: Book
Language:Undetermined
PhysicalDescription:12 s.
Published: Bratislava Úrad pre normalizáciu, metrológiu a skúšobníctvo SR 1998

MARC

LEADER 00000nam a2200000 a 4500
001 vtls001352959
003 SK-MaSNL
005 20260224022345.0
008 98 d19sm y0 xx 0 und
035 |a SNK000306352 
040 |a SNK  |b slo  |c SNK  |e AACR2 
245 1 |a STN ISO 8261 Mlieko a mliečne výrobky  |b Príprava analytických vzoriek a riedení na mikrobiologické skúšky 
260 |a Bratislava  |b Úrad pre normalizáciu, metrológiu a skúšobníctvo SR  |c 1998 
300 |a 12 s. 
999 |c 806539  |d 808469 
952 |t P60, <03>, [BOOK], {603}  |a SNK  |b SNK  |y PREZ  |7 0  |p 17A0177253  |o snkSTN ISO 8261  |i snkN 170/99  |0 0  |1 0  |4 0  |d 1999-01-20  |l 0  |r 2005-01-02 00:00:00  |w 2026-02-24 
952 |t P60, <04>, [BOOK], {604}  |a SNK  |b SNK  |y VYP  |7 0  |p 17A0177254  |o snkSTN ISO 8261 D1  |i snkN 171/99  |0 0  |1 0  |4 0  |d 1999-01-20  |l 0  |r 2005-01-02 00:00:00  |w 2026-02-24